Every City/Town/CDP In Oregon - Statistics

General Stats
  • This quiz has been taken 24 times
  • The average score is 68 of 375
Answer Stats
Population City % Correct
168,302 Eugene
90%
645,291 Portland
86%
169,259 Salem
86%
93,917 Bend
76%
9,836 Astoria
62%
103 Beaver
62%
97,861 Beaverton
62%
106,543 Hillsboro
62%
81,145 Medford
62%
110,494 Gresham
57%
62,077 Springfield
57%
58,028 Corvallis
52%
37,545 Grants Pass
52%
5,231 Tillamook
52%
16,229 Coos Bay
48%
38,980 Keizer
48%
39,127 Lake Oswego
48%
36,492 Oregon City
48%
53,521 Albany
43%
23,083 Roseburg
43%
6,737 Seaside
43%
15,448 The Dalles
43%
53,312 Tigard
43%
21,056 Ashland
38%
8,522 Boring
38%
17,695 Canby
38%
8,921 Florence
38%
21,335 Klamath Falls
38%
16,870 Lebanon
38%
8,826 Lincoln City
38%
16,733 Pendleton
38%
54,287 Aloha
33%
9,752 Baker City
33%
16,168 Dallas
33%
7,715 Hood River
33%
2,244 John Day
33%
34,010 McMinnville
33%
9,155 Molalla
33%
23,396 Newberg
33%
10,966 Ontario
33%
30,167 Redmond
33%
2,643 Sisters
33%
16,466 Troutdale
33%
26,656 West Linn
33%
25,738 Woodburn
33%
1,045 Aurora
29%
3,100 Bandon
29%
10,182 Cottage Grove
29%
1,128 Donald
29%
3,426 Estacada
29%
1,645 Gearhart
29%
2,418 Gold Beach
29%
20,971 Happy Valley
29%
3,301 Jefferson
29%
2,638 Lakeview
29%
393 Manzanita
29%
10,559 Newport
29%
9,652 North Bend
29%
27,527 Tualatin
29%
2,494 Turner
29%
7,162 Umatilla
29%
24,073 Wilsonville
29%
1,650 Amity
24%
4,099 Aumsville
24%
1,812 Banks
24%
143 Barlow
24%
6,431 Brookings
24%
1,491 Cannon Beach
24%
2,180 Carlton
24%
954 Chiloquin
24%
3,894 Coquille
24%
12,638 Cornelius
24%
11,161 Damascus
24%
2,668 Dayton
24%
3,234 Dundee
24%
1,237 Dunes City
24%
1,300 Falls City
24%
393 Fossil
24%
2,713 Gervais
24%
12,170 Gladstone
24%
702 Glendale
24%
176 Government Camp
24%
1,110 Heppner
24%
17,423 Hermiston
24%
9,842 Independence
24%
2,884 Jacksonville
24%
147 Jordan Valley
24%
6,053 Junction City
24%
13,310 La Grande
24%
307 Lostine
24%
534 Marion
24%
1,839 Mill City
24%
1,998 Millersburg
24%
21,009 Milwaukie
24%
10,282 Monmouth
24%
414 Mount Hood
24%
355 Nehalem
24%
164 Neskowin
24%
3,163 Nyssa
24%
3,303 Oakridge
24%
1,076 Pacific City
24%
10,035 Prineville
24%
11,070 Sandy
24%
7,270 Scappoose
24%
19,625 Sherwood
24%
8,130 Stayton
24%
13,559 St. Helens
24%
4,953 Veneta
24%
797 Wallowa
24%
440 Wasco
24%
296 Westfir
24%
5,416 Winston
24%
4,057 Wood Village
24%
1,119 Adair Village
19%
198 Adrian
19%
82 Antelope
19%
591 Arlington
19%
1,246 Athena
19%
1,675 Bay City
19%
4,075 Beavercreek
19%
3,439 Boardman
19%
2,740 Burns
19%
2,479 Cave Junction
19%
1,646 Clatskanie
19%
1,882 Columbia City
19%
659 Condon
19%
653 Cove
19%
5,356 Creswell
19%
113 Dayville
19%
1,805 Depoe Bay
19%
847 Drain
19%
572 Dufur
19%
1,941 Durham
19%
1,448 Elgin
19%
174 Elkton
19%
9,363 Fairview
19%
517 Gates
19%
7,985 Green
19%
265 Haines
19%
314 Halfway
19%
3,799 Harrisburg
19%
3,475 Hubbard
19%
162 Idanha
19%
2,053 Irrigon
19%
989 Joseph
19%
4,149 Lafayette
19%
146 Lexington
19%
1,059 Lyons
19%
6,777 Madras
19%
899 Malin
19%
508 Maupin
19%
995 Maywood Park
19%
784 Merrill
19%
7,037 Milton-Freewater
19%
142 Mitchell
19%
640 Monroe
19%
353 Moro
19%
565 Mount Vernon
19%
3,428 Myrtle Creek
19%
2,517 Myrtle Point
19%
2,942 North Plains
19%
885 Oakland
19%
4,929 Philomath
19%
4,582 Phoenix
19%
1,322 Pilot Rock
19%
954 Port Orford
19%
735 Prairie City
19%
2,113 Rainier
19%
303 Richland
19%
1,166 Rockaway Beach
19%
2,410 Rogue River
19%
927 Scio
19%
262 Seneca
19%
9 Shaniko
19%
6,122 Sheridan
19%
10,242 Silverton
19%
234 Spray
19%
2,722 Stanfield
19%
480 St. Paul
19%
2,810 Sublimity
19%
181 Sumpter
19%
1,294 Sunriver
19%
8,033 Sutherlin
19%
6,503 Talent
19%
1,414 Tangent
19%
2,180 Union
19%
48 Unity
19%
1,856 Vernonia
19%
1,943 Warren
19%
5,549 Warrenton
19%
823 Weston
19%
357 Wheeler
19%
553 Yachats
19%
1,346 Yamhill
19%
1,261 Yoncalla
19%
494 Adams
14%
26,501 Bethany
14%
464 Bonanza
14%
492 Brooks
14%
337 Butteville
14%
702 Canyon City
14%
1,826 Canyonville
14%
1,285 Cascade Locks
14%
18,376 Central Point
14%
1,011 Coburg
14%
712 Crabtree
14%
107 Crane
14%
83 Detroit
14%
9,154 Eagle Point
14%
735 Echo
14%
2,033 Enterprise
14%
24,457 Forest Grove
14%
797 Garibaldi
14%
510 Gaston
14%
1,437 Gold Hill
14%
19 Granite
14%
179 Grass Valley
14%
121 Helix
14%
1,392 Hines
14%
407 Huntington
14%
337 Imbler
14%
372 Ione
14%
514 Johnson City
14%
1,765 Lakeside
14%
2,343 La Pine
14%
8 Lonerock
14%
148 Long Creek
14%
1,196 Lowell
14%
955 Metolius
14%
86 Monument
14%
455 Mosier
14%
3,542 Mount Angel
14%
558 North Powder
14%
2,380 Odell
14%
385 Paisley
14%
1,030 Powers
14%
4,082 Reedsport
14%
1,252 Riddle
14%
536 Rivergrove
14%
173 Rufus
14%
3,080 Shady Cove
14%
1,144 Siletz
14%
3,579 Toledo
14%
267 Ukiah
14%
2,079 Vale
14%
2,055 Waldport
14%
3,213 Warm Springs
14%
267 Waterloo
14%
2,450 Willamina
14%
234 Alsea
10%
19,341 Altamont
10%
1,871 Brownsville
10%
366 Butte Falls
10%
117 Cascadia
10%
177 Cloverdale
10%
1,914 Culver
10%
568 Dillard
10%
16,399 Four Corners
10%
586 Gardiner
10%
1,366 Glide
10%
1,604 Grand Ronde
10%
1,009 Halsey
10%
135 Harper
10%
1,022 Island City
10%
7,988 Jennings Lodge
10%
4,309 King City
10%
224 Mehama
10%
850 Mission
10%
17,872 Oak Grove
10%
636 O'Brien
10%
324 Parkdale
10%
99 Pine Grove
10%
126 Pistol River
10%
95 Plush
10%
88 Prescott
10%
1,943 Rhododendron
10%
5,059 Roseburg North
10%
591 Selma
10%
104 Silver Lake
10%
386 Sodaville
10%
1,733 Stafford
10%
170 Summerville
10%
9,619 Sweet Home
10%
1,658 Terrebonne
10%
74 Wamic
10%
364 Westport
10%
9,890 White City
10%
183 Alpine
5%
274 Annex
5%
1,879 Barview
5%
16 Bellfountain
5%
206 Black Butte Ranch
5%
23 Blodgett
5%
51 Brogan
5%
2,501 Bunker Hill
5%
80 Cape Meares
5%
8,912 Cedar Hills
5%
17,659 Cedar Mill
5%
1,956 Chenoweth
5%
409 Crawfordsville
5%
4,026 Crooked River Ranch
5%
264 Days Creek
5%
342 Fair Oaks
5%
395 Gopher Flats
5%
1,958 Harbor
5%
182 Hebo
5%
26 Juntura
5%
578 Kerby
5%
132 Kings Valley
5%
481 Lacomb
5%
135 Langlois
5%
649 Melrose
5%
1,922 Merlin
5%
3,886 Metzger
5%
4,445 Mount Hood Village
5%
315 Nesika Beach
5%
778 Netarts
5%
12,308 Oak Hills
5%
14,060 Oatfield
5%
546 Oceanside
5%
488 Pine Hollow
5%
44 Pronghorn
5%
6,146 Raleigh Hills
5%
2,970 Redwood
5%
9,893 Rockcreek
5%
1,169 Rose Lodge
5%
258 Rowena
5%
394 Shedd
5%
970 South Lebanon
5%
466 Takilma
5%
757 Tetherow
5%
3,212 Three Rivers
5%
4,150 Tri-City
5%
535 Tumalo
5%
382 Tutuilla
5%
180 Tygh Valley
5%
361 Umapine
5%
24 Wallowa Lake
5%
8,888 West Haven-Sylvan
5%
6,913 West Slope
5%
1,390 Williams
5%
337 Winchester Bay
5%
907 Bayside Gardens
0%
10,005 Bull Mountain
0%
215 Camp Sherman
0%
45 Cayuse
0%
6,044 Deschutes River Woods
0%
2,839 Eagle Crest
0%
621 Foots Creek
0%
89 Fort Hill
0%
7,006 Garden Home-Whitford
0%
738 Glasgow
0%
21,979 Hayesville
0%
402 Holley
0%
312 Idaville
0%
348 Jeffers Gardens
0%
135 Kirkpatrick
0%
518 Labish Village
0%
2,072 Lincoln Beach
0%
985 Lookingglass
0%
2,334 Mulino
0%
1,593 New Hope
0%
82 New Pine Creek
0%
237 Peoria
0%
476 Prospect
0%
165 Riverside
0%
986 Ruch
0%
393 Scotts Mille
0%
371 Seventh Mountain
0%
204 Summit
0%
552 Trail
0%
105 West Scio
0%
452 Wimer
0%
No matching quizzes found
Score Distribution
Percent of People with Each Score
Percentile by Number Answered
Your Score History
You have not taken this quiz